Los Angeles Lakers Players - Sudden Death - Statistics

General Stats
  • This quiz has been taken 88 times
    86 since last reset
  • The average score is 12 of 15
Answers on the Grid
Answers color-coded by a green-red scale on the quiz's grid according to % correct below.
LeBron James
Larry Bird
Michael Jordan
Shaquille O'Neal
George Mikan
Jerry West
Gary Payton
Patrick Ewing
Steve Nash
Dikembe Mutombo
Karl Malone
Charles Barkley
Jason Kidd
Pau Gasol
Kobe Bryant
Dominique Wilkins
Rajon Rondo
Kyrie Irving
James Harden
Kevin Durant
Elgin Baylor
Giannis Antetokounmpo
Carmelo Anthony
Dwight Howard
Luka Doncic
Wilt Chamberlain
Dwyane Wade
Derrick Rose
 
Answer Stats
Answer % Correct
LeBron James
100%
Shaquille O'Neal
91%
Jerry West
88%
Kobe Bryant
83%
George Mikan
81%
Luka Doncic
79%
Pau Gasol
79%
Dwight Howard
78%
Steve Nash
78%
Elgin Baylor
76%
Wilt Chamberlain
76%
Karl Malone
74%
Rajon Rondo
72%
Carmelo Anthony
69%
Gary Payton
66%
No matching quizzes found
Score Distribution
Percent of People with Each Score
Percentile by Number Answered
Your Score History
You have not taken this quiz since the last reset